[Event "ZL-2021-0-02283"]
[Site "LSS email"]
[Date "2021.01.04"]
[Round "?"]
[White "Guenther, Rainer"]
[Black "Shim Ng Min, Francis"]
[Result "0-1"]
[WhiteElo "1012"]
[BlackElo "1137"]
[PlyCount "30"]
[EventDate "2020.12.18"]
[EventType "match (corr)"]
[EventRounds "2"]
[EventCountry "GER"]
[SourceTitle "Corr 2022"]
[Source "ChessBase"]
[SourceDate "2021.10.24"]
[SourceVersion "1"]
[SourceVersionDate "2021.10.24"]
[SourceQuality "1"]

1. e4 c5 2. f4 d5 3. Bb5+ Nc6 4. exd5 Qxd5 5. Nf3 Bg4 6. 0-0 0-0-0 7. Nc3 Qe6 8. d3 Nd4 9. Bc4 Qg6 10. Be3 Nxf3+ 11. Rxf3 e6 12. Nb5 a6 13. Na7+ Kb8 14. Nc6+ bxc6 15. c3 Rd7 0-1

[Event "ZL-2021-0-02284"]
[Site "LSS email"]
[Date "2021.01.04"]
[Round "?"]
[White "Shim Ng Min, Francis"]
[Black "Guenther, Rainer"]
[Result "1-0"]
[WhiteElo "1137"]
[BlackElo "1012"]
[PlyCount "35"]
[EventDate "2020.12.28"]
[EventType "match (corr)"]
[EventRounds "2"]
[EventCountry "GER"]
[SourceTitle "Corr 2022"]
[Source "ChessBase"]
[SourceDate "2021.10.24"]
[SourceVersion "1"]
[SourceVersionDate "2021.10.24"]
[SourceQuality "1"]

1. e4 e5 2. Nf3 d5 3. Nxe5 dxe4 4. Bc4 Be6 5. Bxe6 fxe6 6. Qh5+ g6 7. Nxg6 Kd7 8. Nxh8 Nf6 9. Qb5+ Nc6 10. Nf7 Qe7 11. Ne5+ Kc8 12. Nxc6 bxc6 13. Qxc6 Rb8 14. Nc3 Ng4 15. Qxe4 Nf6 16. Qf3 Rb5 17. Nxb5 Nd5 18. 0-0 1-0

[Event "ZL-2020-0-02281"]
[Site "LSS email"]
[Date "2020.12.26"]
[Round "?"]
[White "Guenther, Rainer"]
[Black "Shim Ng Min, Francis"]
[Result "0-1"]
[WhiteElo "1008"]
[BlackElo "1163"]
[PlyCount "76"]
[EventDate "2020.10.31"]
[EventType "match (corr)"]
[EventRounds "2"]
[EventCountry "GER"]
[SourceTitle "Corr 2022"]
[Source "ChessBase"]
[SourceDate "2021.10.24"]
[SourceVersion "1"]
[SourceVersionDate "2021.10.24"]
[SourceQuality "1"]

1. e4 c5 2. Nf3 d6 3. Bb5+ Bd7 4. Bxd7+ Qxd7 5. 0-0 e5 6. Nc3 Nf6 7. d3 Be7 8. Nd5 Nxd5 9. exd5 Na6 10. c4 Nc7 11. a3 0-0 12. b4 b5 13. Bg5 Bxg5 14. Nxg5 h6 15. Ne4 f5 16. Ng3 bxc4 17. dxc4 cxb4 18. axb4 Rfb8 19. b5 a6 20. Qe2 axb5 21. cxb5 Rxa1 22. Rxa1 Rxb5 23. h4 Rxd5 24. Ra7 Qc6 25. Nxf5 Qc1+ 26. Kh2 Qf4+ 27. g3 Qxf5 28. Rxc7 Rc5 29. Qa2+ Kh7 30. Rf7 Rc2 31. Qa7 Qg6 32. Rf3 e4 33. Rf4 d5 34. Qd4 Qe6 35. Qd1 Rc4 36. Qh5 Rc2 37. g4 g6 38. Rf7+ Qxf7 0-1

[Event "ZL-2020-0-02281"]
[Site "LSS email"]
[Date "2020.12.26"]
[Round "?"]
[White "Shim Ng Min, Francis"]
[Black "Guenther, Rainer"]
[Result "1-0"]
[WhiteElo "1163"]
[BlackElo "1008"]
[PlyCount "47"]
[EventDate "2020.10.31"]
[EventType "match (corr)"]
[EventRounds "2"]
[EventCountry "GER"]
[SourceTitle "Corr 2022"]
[Source "ChessBase"]
[SourceDate "2021.10.24"]
[SourceVersion "1"]
[SourceVersionDate "2021.10.24"]
[SourceQuality "1"]

1. e4 e5 2. Nf3 Nf6 3. Nxe5 Nxe4 4. Qe2 d5 5. d3 Qe7 6. dxe4 Qxe5 7. exd5 Qxe2+ 8. Bxe2 Bf5 9. c4 Bb4+ 10. Bd2 Bxd2+ 11. Nxd2 Nd7 12. 0-0 0-0-0 13. b4 Ne5 14. Nb3 Rhe8 15. Rfe1 g5 16. Nd4 Bg6 17. Rad1 f5 18. Ne6 Rxe6 19. dxe6 Rxd1 20. Rxd1 f4 21. e7 Nc6 22. Bg4+ Kb8 23. Rd8+ Nxd8 24. exd8Q# 1-0

[Event "ZL-2020-0-02280"]
[Site "LSS email"]
[Date "2020.12.22"]
[Round "?"]
[White "Guenther, Rainer"]
[Black "Shim Ng Min, Francis"]
[Result "1/2-1/2"]
[WhiteElo "1010"]
[BlackElo "1145"]
[PlyCount "94"]
[EventDate "2020.10.19"]
[EventType "match (corr)"]
[EventRounds "2"]
[EventCountry "GER"]
[SourceTitle "Corr 2022"]
[Source "ChessBase"]
[SourceDate "2021.10.24"]
[SourceVersion "1"]
[SourceVersionDate "2021.10.24"]
[SourceQuality "1"]

1. e4 c5 2. Be2 d6 3. Nf3 Nf6 4. e5 dxe5 5. 0-0 e4 6. Ne5 e6 7. Nc3 Be7 8. d3 exd3 9. Bxd3 0-0 10. Qf3 Nbd7 11. Bf4 Nxe5 12. Bxe5 Bd6 13. Bxf6 Qxf6 14. Qxf6 gxf6 15. Ne4 Be7 16. f4 f5 17. Ng3 b6 18. Rad1 Rd8 19. Bb5 Bb7 20. Rd3 a6 21. Rxd8+ Rxd8 22. Be2 Rd2 23. Rd1 Rxd1+ 24. Bxd1 c4 25. c3 Bc5+ 26. Kf1 Be3 27. Nh5 Bc1 28. Nf6+ Kg7 29. Ne8+ Kf8 30. Nd6 Bd5 31. Bh5 Bxb2 32. Nxf7 Bxc3 33. Ne5 Bxe5 34. fxe5 c3 35. Ke2 Bc4+ 36. Kd1 b5 37. a3 a5 38. Kc2 b4 39. a4 b3+ 40. Kxc3 Bd5 41. g3 Kg7 42. Bd1 Kg6 43. Bxb3 Bxb3 44. Kxb3 f4 45. gxf4 Kf5 46. Kc4 Kxf4 47. Kb5 Kxe5 1/2-1/2

[Event "SN-2020-0-01022"]
[Site "LSS email"]
[Date "2020.12.20"]
[Round "?"]
[White "Bieszk, Stanislaw"]
[Black "Guenther, Rainer"]
[Result "1-0"]
[WhiteElo "876"]
[BlackElo "918"]
[PlyCount "45"]
[EventDate "2020.10.05"]
[EventType "tourn (corr)"]
[EventRounds "6"]
[EventCountry "GER"]
[SourceTitle "Corr 2022"]
[Source "ChessBase"]
[SourceDate "2021.10.24"]
[SourceVersion "1"]
[SourceVersionDate "2021.10.24"]
[SourceQuality "1"]

1. c4 e5 2. a3 Nf6 3. d3 d5 4. cxd5 Nxd5 5. Nf3 Nc6 6. e3 Be7 7. Be2 0-0 8. 0-0 b5 9. b4 Bb7 10. Bb2 a5 11. e4 Nf4 12. g3 Nxe2+ 13. Qxe2 f5 14. Nxe5 fxe4 15. dxe4 Nxe5 16. Bxe5 axb4 17. axb4 Rxa1 18. Bxa1 Bxb4 19. Qb2 Qe7 20. Nc3 Rf3 21. Nd5 Bxd5 22. exd5 Bc3 23. Qxb5 1-0

[Event "SN-2020-0-01022"]
[Site "LSS email"]
[Date "2020.12.20"]
[Round "?"]
[White "Guenther, Rainer"]
[Black "Beaver, Michael"]
[Result "0-1"]
[WhiteElo "918"]
[BlackElo "800"]
[PlyCount "26"]
[EventDate "2020.10.05"]
[EventType "tourn (corr)"]
[EventRounds "6"]
[EventCountry "GER"]
[SourceTitle "Corr 2022"]
[Source "ChessBase"]
[SourceDate "2021.10.24"]
[SourceVersion "1"]
[SourceVersionDate "2021.10.24"]
[SourceQuality "1"]

1. e4 e5 2. Bc4 Nf6 3. d3 Bc5 4. Nf3 0-0 5. 0-0 d6 6. Be3 Bxe3 7. fxe3 Bg4 8. h3 Bxf3 9. Rxf3 c6 10. g4 d5 11. exd5 Nxd5 12. Nc3 Nxc3 13. bxc3 b5 0-1

[Event "LSS No Engine Cup 211 Preliminary 0"]
[Site "LSS email"]
[Date "2020.12.15"]
[Round "?"]
[White "Brenwicker, Luc"]
[Black "Guenther, Rainer"]
[Result "1-0"]
[WhiteElo "1600"]
[BlackElo "1221"]
[PlyCount "25"]
[EventDate "2020.12.15"]
[EventType "tourn (corr)"]
[EventRounds "6"]
[EventCountry "GER"]
[SourceTitle "Corr 2024"]
[Source "ChessBase"]
[SourceDate "2023.10.19"]
[SourceVersion "1"]
[SourceVersionDate "2023.10.19"]
[SourceQuality "1"]

1. Nf3 Nc6 2. d4 d5 3. c4 Nf6 4. Nc3 dxc4 5. e4 Bg4 6. Be3 g6 7. Be2 Bg7 8. 0-0 0-0 9. Rc1 a6 10. e5 Nd5 11. Nxd5 e6 12. Nc3 b5 13. h3 1-0

[Event "LSS No Engine Cup 211 Preliminary 0"]
[Site "LSS email"]
[Date "2020.12.15"]
[Round "?"]
[White "Guenther, Rainer"]
[Black "Van Bommel, Ton"]
[Result "0-1"]
[WhiteElo "1221"]
[BlackElo "2389"]
[PlyCount "24"]
[EventDate "2020.12.15"]
[EventType "tourn (corr)"]
[EventRounds "6"]
[EventCountry "GER"]
[SourceTitle "Corr 2024"]
[Source "ChessBase"]
[SourceDate "2023.10.19"]
[SourceVersion "1"]
[SourceVersionDate "2023.10.19"]
[SourceQuality "1"]

1. e4 e5 2. Bc4 Nf6 3. d3 Bc5 4. Nf3 d6 5. 0-0 h6 6. Be3 Bxe3 7. fxe3 c6 8. b4 a5 9. b5 d5 10. exd5 cxd5 11. Nxe5 Qc7 12. Bxd5 Qxe5 0-1

[Event "ZN-2020-0-04255"]
[Site "LSS email"]
[Date "2020.12.15"]
[Round "?"]
[White "Kuttner, Jaromir"]
[Black "Guenther, Rainer"]
[Result "0-1"]
[WhiteElo "998"]
[BlackElo "983"]
[PlyCount "46"]
[EventDate "2020.12.15"]
[EventType "match (corr)"]
[EventRounds "2"]
[EventCountry "GER"]
[SourceTitle "Corr 2022"]
[Source "ChessBase"]
[SourceDate "2021.10.24"]
[SourceVersion "1"]
[SourceVersionDate "2021.10.24"]
[SourceQuality "1"]

1. e4 c5 2. Nf3 d6 3. d4 cxd4 4. Nxd4 Nf6 5. Nc3 e5 6. Nde2 Nc6 7. h3 Be7 8. g4 0-0 9. Ng3 Be6 10. Bg2 Bc4 11. Nd5 Nxd5 12. exd5 Nd4 13. b3 Ba6 14. c3 Nb5 15. Bb2 Rc8 16. c4 Nc7 17. 0-0 b5 18. Rc1 f5 19. Nxf5 bxc4 20. bxc4 Bg5 21. Rc2 g6 22. Ng3 Ne8 23. Ne4 Rxc4 0-1

[Event "ZN-2020-0-04254"]
[Site "LSS email"]
[Date "2020.12.13"]
[Round "?"]
[White "Guenther, Rainer"]
[Black "Newton, Daryl"]
[Result "0-1"]
[WhiteElo "983"]
[BlackElo "262"]
[PlyCount "32"]
[EventDate "2020.12.13"]
[EventType "match (corr)"]
[EventRounds "2"]
[EventCountry "GER"]
[SourceTitle "Corr 2022"]
[Source "ChessBase"]
[SourceDate "2021.10.24"]
[SourceVersion "1"]
[SourceVersionDate "2021.10.24"]
[SourceQuality "1"]

1. e4 e5 2. Bc4 Nh6 3. d4 c6 4. Bxh6 Qf6 5. Be3 Bb4+ 6. Nc3 Qg6 7. Qf3 d5 8. exd5 Bg4 9. Qg3 0-0 10. dxe5 cxd5 11. Bxd5 Nc6 12. Bxc6 bxc6 13. Nge2 Rae8 14. 0-0-0 Qf5 15. Nd4 Qd7 16. f3 Be6 0-1

[Event "ZN-2020-0-04252"]
[Site "LSS email"]
[Date "2020.12.10"]
[Round "?"]
[White "Tsiganok, German"]
[Black "Guenther, Rainer"]
[Result "1-0"]
[WhiteElo "800"]
[BlackElo "930"]
[PlyCount "35"]
[EventDate "2020.12.10"]
[EventType "match (corr)"]
[EventRounds "2"]
[EventCountry "GER"]
[SourceTitle "Corr 2022"]
[Source "ChessBase"]
[SourceDate "2021.10.24"]
[SourceVersion "1"]
[SourceVersionDate "2021.10.24"]
[SourceQuality "1"]

1. e4 e5 2. f4 Bc5 3. Nf3 d5 4. Nxe5 Nf6 5. d4 Bb6 6. exd5 Qxd5 7. Bc4 Qxg2 8. Qf3 Be6 9. Qxg2 Nc6 10. Qxg7 0-0-0 11. Bxe6+ fxe6 12. Nxc6 bxc6 13. Qxf6 Bxd4 14. Qxe6+ Kb7 15. Qb3+ Ka8 16. Nc3 Rhe8+ 17. Kf1 Re3 18. Bxe3 1-0

[Event "ZN-2020-0-04247"]
[Site "LSS email"]
[Date "2020.12.02"]
[Round "?"]
[White "Guenther, Rainer"]
[Black "Newton, Daryl"]
[Result "1-0"]
[WhiteElo "916"]
[BlackElo "264"]
[PlyCount "43"]
[EventDate "2020.11.24"]
[EventType "match (corr)"]
[EventRounds "2"]
[EventCountry "GER"]
[SourceTitle "Corr 2022"]
[Source "ChessBase"]
[SourceDate "2021.10.24"]
[SourceVersion "1"]
[SourceVersionDate "2021.10.24"]
[SourceQuality "1"]

1. e4 e5 2. Nf3 d5 3. exd5 Qxd5 4. Nc3 Qa5 5. Bc4 Bc5 6. 0-0 Nh6 7. d4 exd4 8. Re1+ Be6 9. Bxe6 0-0 10. Bxh6 Qb6 11. Nd5 Qxb2 12. Nf6+ Kh8 13. Nxh7 Kxh7 14. Ng5+ Kxh6 15. Qg4 fxe6 16. Rxe6+ Rf6 17. Nf7+ Kh7 18. Qh5+ Rh6 19. Ng5+ Kg8 20. Re8+ Bf8 21. Qf7+ Kh8 22. Qxf8# 1-0

[Event "ZN-2020-0-04247"]
[Site "LSS email"]
[Date "2020.12.02"]
[Round "?"]
[White "Newton, Daryl"]
[Black "Guenther, Rainer"]
[Result "1-0"]
[WhiteElo "264"]
[BlackElo "916"]
[PlyCount "47"]
[EventDate "2020.11.24"]
[EventType "match (corr)"]
[EventRounds "2"]
[EventCountry "GER"]
[SourceTitle "Corr 2022"]
[Source "ChessBase"]
[SourceDate "2021.10.24"]
[SourceVersion "1"]
[SourceVersionDate "2021.10.24"]
[SourceQuality "1"]

1. d4 Nf6 2. Nf3 d5 3. Bf4 e6 4. e3 Bd6 5. Bb5+ c6 6. Ba4 Bxf4 7. exf4 b5 8. Bb3 0-0 9. 0-0 a5 10. Re1 a4 11. Na3 axb3 12. axb3 Ne4 13. Re2 Bb7 14. c4 b4 15. Nc2 Qb6 16. Qe1 Nd7 17. Ra4 Rxa4 18. bxa4 b3 19. Na1 Ba6 20. Re3 Bxc4 21. Ne5 Nxe5 22. fxe5 Ra8 23. Qd1 Qb4 24. Qg4 1-0

[Event "LSS No Engine Cup 209 Preliminary 0"]
[Site "LSS email"]
[Date "2020.10.24"]
[Round "?"]
[White "Guenther, Rainer"]
[Black "Cruz Ramirez, Eliecer"]
[Result "0-1"]
[WhiteElo "1600"]
[BlackElo "1600"]
[PlyCount "54"]
[EventDate "2020.10.24"]
[EventType "tourn (corr)"]
[EventRounds "6"]
[EventCountry "GER"]
[SourceTitle "Corr 2022"]
[Source "ChessBase"]
[SourceDate "2021.10.24"]
[SourceVersion "1"]
[SourceVersionDate "2021.10.24"]
[SourceQuality "1"]

1. e4 c5 2. Nf3 d6 3. Bb5+ Bd7 4. Bxd7+ Nxd7 5. 0-0 e6 6. c3 Ngf6 7. Re1 Be7 8. d4 0-0 9. Nbd2 cxd4 10. cxd4 Rc8 11. Nf1 d5 12. exd5 Nxd5 13. Ng3 Qb6 14. Qa4 Rfd8 15. a3 Nb8 16. Ne5 Nc6 17. Be3 Nxe5 18. b4 Nd3 19. Red1 Nb2 20. Qa5 Qxa5 21. bxa5 Nxd1 22. Rxd1 Nxe3 23. fxe3 Rc3 24. e4 Rxd4 25. Rxd4 Bc5 26. Ne2 Rd3 27. Kf1 Bxd4 0-1

[Event "LSS No Engine Cup 209 Preliminary 0"]
[Site "LSS email"]
[Date "2020.10.24"]
[Round "?"]
[White "Guenther, Rainer"]
[Black "Molina, Vicente Andres"]
[Result "0-1"]
[WhiteElo "1600"]
[BlackElo "1004"]
[PlyCount "76"]
[EventDate "2020.10.24"]
[EventType "tourn (corr)"]
[EventRounds "6"]
[EventCountry "GER"]
[SourceTitle "Corr 2022"]
[Source "ChessBase"]
[SourceDate "2021.10.24"]
[SourceVersion "1"]
[SourceVersionDate "2021.10.24"]
[SourceQuality "1"]

1. e4 d6 2. d4 Nf6 3. Nc3 Nbd7 4. Nf3 e5 5. Bc4 c6 6. dxe5 dxe5 7. Ng5 Qb6 8. Bxf7+ Ke7 9. Bb3 h6 10. Nf7 Rh7 11. Qd6+ Ke8 12. Qe6+ Be7 13. Nd6+ Kd8 14. Be3 Nc5 15. Nf7+ Ke8 16. Nd6+ Kd8 17. Nxc8 Nxe6 18. Nxb6 axb6 19. Bxe6 b5 20. Bb6+ Ke8 21. 0-0 g5 22. Rfd1 b4 23. Ne2 Ra6 24. Bc7 Nxe4 25. Rd7 Nc5 26. Bf5 Rf7 27. Bg6 Kxd7 28. Bxf7 Kxc7 29. Ng3 Bf8 30. Nf5 Nd7 31. g4 Nf6 32. c4 b5 33. cxb5 cxb5 34. Rc1+ Kd7 35. Bb3 Nxg4 36. Rd1+ Bd6 37. Rd5 Nf6 38. Rxb5 e4 0-1

[Event "ZN-2020-0-04221"]
[Site "LSS email"]
[Date "2020.10.21"]
[Round "?"]
[White "Guenther, Rainer"]
[Black "Cordes, Michael"]
[Result "1-0"]
[WhiteElo "895"]
[BlackElo "540"]
[PlyCount "63"]
[EventDate "2020.10.21"]
[EventType "match (corr)"]
[EventRounds "2"]
[EventCountry "GER"]
[SourceTitle "Corr 2022"]
[Source "ChessBase"]
[SourceDate "2021.10.24"]
[SourceVersion "1"]
[SourceVersionDate "2021.10.24"]
[SourceQuality "1"]

1. e4 d5 2. exd5 Qxd5 3. Nc3 Qd8 4. Nf3 Nf6 5. Be2 a6 6. d4 e6 7. 0-0 Bb4 8. Bg5 h6 9. Bh4 b5 10. Ne4 g5 11. Bg3 Nxe4 12. c3 Nxg3 13. fxg3 Bd6 14. Ne5 f5 15. Bh5+ Ke7 16. Ng6+ Kf6 17. Nxh8 Qxh8 18. g4 f4 19. Qd3 Nc6 20. Qg6+ Ke7 21. Qf7+ Kd8 22. d5 exd5 23. Qxd5 Qe5 24. Qg8+ Kd7 25. Rae1 Bc5+ 26. Kh1 Qf6 27. Be8+ Kd6 28. Rd1+ Ke7 29. Rfe1+ Be3 30. Bh5 Bb7 31. Qh7+ Ke6 32. Qd7+ 1-0